000 00677nam a2200205Ia 4500
003 GCL
008 140319s9999 xx 000 0 ara d
040 _aGCL /
_cGCL
082 0 4 _a189.3
_bع د
100 1 _aعبدالكريم العثمان
245 1 0 _aالدراسات النفسية عند المسلمين: والغزالى بوجه خاص /
_cعبدالكريم العثمان
260 _a[S.N] :
_bمكتبة وهبة ،
_c1981
300 _a415 ص
490 _a
650 0 4 _aالفلسفة الاسلامية
650 0 4 _aالاخلاق الاسلامية
650 0 4 _aالغزالى
650 0 4 _aالاسلام وعلم النفس
942 _2ddc
_cBK
999 _c37235
_d37235